Implants in dentistry (Record no. 11706)
[ view plain ]
| 000 -LEADER | |
|---|---|
| fixed length control field | 00504nam a22001457a 4500 |
| 020 ## - INTERNATIONAL STANDARD BOOK NUMBER | |
| International Standard Book Number | 0721621740 |
| 082 ## - DEWEY DECIMAL CLASSIFICATION NUMBER | |
| Classification number | 617.6 |
| Author Mark | BLO |
| 100 ## - MAIN ENTRY--PERSONAL NAME | |
| Author Name | Block Michael S. ,Kent John |
| 100 ## - MAIN ENTRY--PERSONAL NAME | |
| Author Name | Guerra Luis R. |
| 245 ## - TITLE STATEMENT | |
| Title | Implants in dentistry |
| 260 ## - PUBLICATION, DISTRIBUTION, ETC. | |
| Place of publication, distribution, etc. | USA |
| Name of publisher, distributor, etc. | W.B.Sunders |
| Date of publication, distribution, etc. | 1997 |
| 300 ## - PHYSICAL DESCRIPTION | |
| No of Pages | 301 p; |
| illustrations | :ill |
| Dimensions | ;32 cm |
| 650 ## - SUBJECT ADDED ENTRY--TOPICAL TERM | |
| Subject | Dentistry , Oral and Maxillofacial surgery |
| Keywords | Dental Implants |
| -- | Resorption patterns of the Residual Ridge |
| -- | Medical Evaluation |
| -- | Maxilla |
| -- | Restorative Considerations |
| 942 ## - ADDED ENTRY ELEMENTS (KOHA) | |
| Source of classification or shelving scheme | |
| Koha item type | Books |
| 952 ## - LOCATION AND ITEM INFORMATION (KOHA) | |
| -- | 2020-02-06 |
| Item status | Home library | Current library | Shelving location | Date acquired | Total Checkouts | Full call number | Barcode | Date last seen | Koha item type |
|---|---|---|---|---|---|---|---|---|---|
| Islamabad Dental Hospital | Islamabad Dental Hospital | Islamabad Dental Hospital | 06/02/2020 | 617.6 BLO | D-826 | 06/02/2020 | Books |
